University Home | Library Home | Institutional Repository

Numerical analysis; (Record no. 145984)

MARC details
000 -LEADER
fixed length control field 00991cam3a220024100 4500
001 - CONTROL NUMBER
control field lce00589355
008 - FIXED-LENGTH DATA ELEMENTS--GENERAL INFORMATION
fixed length control field 740801c19671966enka b 000 0 eng
010 ## - LIBRARY OF CONGRESS CONTROL NUMBER
LC control number 66029235 //r87
035 ## - SYSTEM CONTROL NUMBER
System control number (Sirsi) r12449
035 ## - SYSTEM CONTROL NUMBER
System control number (DLC) 66029235 //r87
035 ## - SYSTEM CONTROL NUMBER
System control number (UPRA)lce00589355
050 0# - LIBRARY OF CONGRESS CALL NUMBER
Classification number QA297
Item number .N84 1967
082 ## - DEWEY DECIMAL CLASSIFICATION NUMBER
Classification number 517/.6
245 00 - TITLE STATEMENT
Title Numerical analysis;
Remainder of title an introduction.
Statement of responsibility, etc. Based on a symposium organized by the Institute of Mathematics and Its Applications, Birmingham, England, 1965. Edited by J. Walsh.
260 ## - PUBLICATION, DISTRIBUTION, ETC.
Place of publication, distribution, etc. London,
Name of publisher, distributor, etc. Acadmic Press,
Date of publication, distribution, etc. 1967 [c1966]
500 ## - GENERAL NOTE
General note Based on a symposium organized by the Institute of Mathematics and its applications.
504 ## - BIBLIOGRAPHY, ETC. NOTE
Bibliography, etc. note Includes bibliographies.
650 #0 - SUBJECT ADDED ENTRY--TOPICAL TERM
Topical term or geographic name entry element Numerical analysis.
Linkage S695.1
700 1# - ADDED ENTRY--PERSONAL NAME
Personal name Walsh, J. E. (Joan E.).
Fuller form of name Walsh, J. E. (Joan E.).
Linkage A67178.1
710 2# - ADDED ENTRY--CORPORATE NAME
Corporate name or jurisdiction name as entry element Institute of Mathematics and Its Applications.
Linkage A4292.1
949 ## - LOCAL PROCESSING INFORMATION (OCLC)
a QA297
w lcc
i 33729000225198
m MAIN
p 2500
t BOOK
l ON-SHELF

No items available.

© 2026 - The University of Zambia Library - Koha v25.11